MARC

LEADER 00000nam0a2200000 4500
001 370207
005 20231102012246.0
035 |a (RuTPU)RU\TPU\retro\27615 
090 |a 370207 
100 |a 20220622d1977 m y0rusy50 ca 
101 0 |a rus 
102 |a RU 
105 |a a j 001zy 
200 1 |a Математический анализ. Интегралы и дифференциальное исчисление функций нескольких переменных  |e учебное пособие  |f Н. В. Кривцова, М. Ф. Романов  |g Ленинградский политехнический институт им. М. И. Калинина ; под ред. Г. К. Дондуа 
210 |a Ленинград  |c [Б. и.]  |d 1977 
215 |a 88 с.  |c ил. 
320 |a Библиогр.: с. 87 
606 1 |a Дифференциальное исчисление  |2 stltpush  |3 (RuTPU)RU\TPU\subj\9686  |9 36870 
606 1 |a Интегралы  |x (интегральное исчисление)  |2 stltpush  |3 (RuTPU)RU\TPU\subj\59473  |9 77005 
610 1 |a неопределенные интегралы 
610 1 |a определенные интегралы 
610 1 |a несобственные интегралы 
610 1 |a вещественные функции нескольких переменных 
610 1 |a дифференциальное исчисление 
610 1 |a функциональный анализ 
610 1 |a учебные пособия 
675 |a 517.2(075.8)  |v 4 
675 |a 517.3(075.8)  |v 4 
700 1 |a Кривцова  |b Н. В.  |g Наталия Владимировна 
701 1 |a Романов  |b М. Ф.  |g Михаил Фаддеевич 
702 1 |a Дондуа  |b Г. К.  |4 340 
712 0 2 |a Ленинградский политехнический институт им. М. И. Калинина  |c (1924-1930, 1940-1990)  |2 stltpush  |3 (RuTPU)RU\TPU\col\2601  |9 23711 
801 1 |a RU  |b 63413507  |c 20220622 
942 |c BK